Die Ausstellung "Der Blaue Reiter" in München
Saved in:
| Published in: | Kunstchronik 2(1949), 9, Seite 178-182 |
|---|---|
| Main Author: | |
| Document Type: | Online Resource Article |
| Language: | German |
| Published: |
1949
|
| Subjects: | |
| Online Access: | kostenfrei kostenfrei kostenfrei |
| Related Items: | Enthalten in:
Kunstchronik |
| Author Notes: | Leonie v. Wilckens |
| LEADER | 02567caa a2200541 c 4500 | ||
|---|---|---|---|
| 001 | 1672408652 | ||
| 003 | DE-627 | ||
| 005 | 20260626101527.0 | ||
| 007 | cr cn 008aaaaa | ||
| 008 | 190829s1949 xx |||||o 00| ||ger c | ||
| 024 | 7 | |a urn:nbn:de:bsz:16-kc-643541 |2 urn | |
| 024 | 7 | |a 10.11588/kc.1949.9.64354 |2 doi | |
| 035 | |a (DE-627)1672408652 | ||
| 035 | |a (DE-599)KXP1672408652 | ||
| 035 | |a (OCoLC)1264093598 | ||
| 040 | |a DE-627 |b ger |c DE-627 |e rda | ||
| 041 | |a ger | ||
| 084 | |a KUNST |q DE-16 |2 fid | ||
| 100 | 1 | |a Wilckens, Leonie von |d 1921-1997 |e VerfasserIn |0 (DE-588)115660925 |0 (DE-627)077390687 |0 (DE-576)163566003 |4 aut | |
| 245 | 1 | 4 | |a Die Ausstellung "Der Blaue Reiter" in München |c Leonie v. Wilckens |
| 264 | 1 | |c 1949 | |
| 336 | |a Text |b txt |2 rdacontent | ||
| 337 | |a Computermedien |b c |2 rdamedia | ||
| 338 | |a Online-Ressource |b cr |2 rdacarrier | ||
| 500 | |a Elektronische Reproduktion der Druckausgabe | ||
| 533 | |a Online-Ausgabe |b Heidelberg |c arthistoricum.net |d 2019 |7 |2019|||||||||| | ||
| 583 | 1 | |a Archivierung/Langzeitarchivierung gewährleistet |x XA-DE-BW |2 pdager |5 DE-16 | |
| 689 | 0 | 0 | |d b |0 (DE-588)2092721-6 |0 (DE-627)10050020X |0 (DE-576)192759604 |a Der Blaue Reiter |2 gnd |
| 689 | 0 | 1 | |d g |0 (DE-588)4127793-4 |0 (DE-627)105722073 |0 (DE-576)209596570 |a München |2 gnd |
| 689 | 0 | 2 | |d s |0 (DE-588)4129601-1 |0 (DE-627)104279435 |0 (DE-576)209611855 |a Ausstellung |2 gnd |
| 689 | 0 | 3 | |a z |2 gnd |a Geschichte 1949 |
| 689 | 0 | |5 (DE-627) | |
| 773 | 0 | 8 | |i Enthalten in |t Kunstchronik |d Heidelberg : Universitätsbibliothek Heidelberg, 2019 |g 2(1949), 9, Seite 178-182 |h Online-Ressource |w (DE-627)1670038009 |w (DE-600)2979370-1 |x 2510-7534 |7 nnas |
| 773 | 1 | 8 | |g volume:2 |g year:1949 |g number:9 |g pages:178-182 |
| 856 | 4 | 0 | |u http://dx.doi.org/10.11588/kc.1949.9.64354 |x Verlag |x Resolving-System |z kostenfrei |3 Volltext |7 0 |
| 856 | 4 | 0 | |u https://journals.ub.uni-heidelberg.de/index.php/kchronik/article/view/64354 |x Verlag |z kostenfrei |3 Volltext |7 0 |
| 856 | 4 | 0 | |u http://nbn-resolving.de/urn:nbn:de:bsz:16-kc-643541 |x Verlag |x Resolving-System |z kostenfrei |3 Volltext |7 0 |
| 912 | |a ZDB-282-AAE-article | ||
| 951 | |a AR | ||
| 994 | |u https://ahnp.ub.uni-heidelberg.de/journals/kchronik/article/view/64354 | ||
| 994 | |u https://ahnp.ub.uni-heidelberg.de/journals/kchronik/article/view/64354 | ||
| 994 | |u https://ahnp.ub.uni-heidelberg.de/journals/kchronik/article/view/64354 | ||
| 990 | |a Der Blaue Reiter | ||
| 990 | |a München | ||
| 990 | |a Ausstellung | ||
| 990 | |a Geschichte 1949 | ||
| 991 | |a Rezension (Veranstaltung, Ausstellung) | ||
| 999 | |a KXP-PPN1672408652 |e 4039782380 | ||


